| 000 | 00614nam a2200241Ia 4500 | ||
|---|---|---|---|
| 003 | 0100 | ||
| 008 | 130303s9999 xx 000 0 und d | ||
| 020 | _a800608860 | ||
| 040 | _cARRUPELIB | ||
| 050 | _aBS2330.2.J641986 | ||
| 100 | _aJohnson, Luke T | ||
| 245 | 4 | _aThe writings of the new testament | |
| 260 | _aPhiladelphia | ||
| 260 | _bFortress press | ||
| 260 | _C1986 | ||
| 300 | _axiii | ||
| 300 | _b 618p.23cm. | ||
| 650 | _bGod--Biblical teaching | ||
| 650 | _cGod--History of doctrines--Early church ca 30-600 | ||
| 650 | _dBible NT--Theology | ||
| 700 | _aLuke T. Johnson | ||
| 942 | 0 | 0 | _01 |
| 999 |
_c11609 _d11609 |
||